000 00578cam a22001934a 4500
005 20250605164309.0
008 250528s ||||||||||||||||||||||||d
035 _a22391
020 _a9789603445203
040 _aGR-AtMCL
_bgre
_dGR-AtMCL
_eAACR2
245 1 _aΕΦΑΡΜΟΣΜΕΝΗ ΚΛΙΝΙΚΗ ΨΥΧΟΛΟΓΙΑ ΣΤΟ ΧΩΡΟ ΤΟΥ ΣΧΟΛΕΙΟΥ
250 _a9
260 _bΕλληνικά Γράμματα,
_c1999
300 _a164
700 1 _aΚαλατζι-Αζιζι Αναστασια
_94338
942 _cBK
999 _c7444
_d7444